<?xml version="1.0" encoding="UTF-8"?>
<record
    xmlns:xsi="http://www.w3.org/2001/XMLSchema-instance"
    xsi:schemaLocation="http://www.loc.gov/MARC21/slim http://www.loc.gov/standards/marcxml/schema/MARC21slim.xsd"
    xmlns="http://www.loc.gov/MARC21/slim">

  <leader>00882cam a22002654a 4500</leader>
  <controlfield tag="001">16577066</controlfield>
  <controlfield tag="003">BD-DhUIB</controlfield>
  <controlfield tag="005">20210320124928.0</controlfield>
  <controlfield tag="008">101213s2012    nyu           001 0 eng  </controlfield>
  <datafield tag="020" ind1=" " ind2=" ">
    <subfield code="a">978125900476</subfield>
  </datafield>
  <datafield tag="020" ind1=" " ind2=" ">
    <subfield code="a">125900476</subfield>
  </datafield>
  <datafield tag="040" ind1=" " ind2=" ">
    <subfield code="a">DLC</subfield>
    <subfield code="c">DLC</subfield>
    <subfield code="d">BD-DhUIB</subfield>
  </datafield>
  <datafield tag="082" ind1="0" ind2="0">
    <subfield code="a">658.4012</subfield>
    <subfield code="2">22</subfield>
  </datafield>
  <datafield tag="245" ind1="0" ind2="0">
    <subfield code="a">Crafting and executing strategy :</subfield>
    <subfield code="b">the quest for competitive advantage : concepts and cases /</subfield>
    <subfield code="c">Arthur A. Thompson ... [et al.].</subfield>
  </datafield>
  <datafield tag="250" ind1=" " ind2=" ">
    <subfield code="a">18th ed.</subfield>
  </datafield>
  <datafield tag="260" ind1=" " ind2=" ">
    <subfield code="a">New York :</subfield>
    <subfield code="b">McGraw-Hill/Irwin,</subfield>
    <subfield code="c">c2012.</subfield>
  </datafield>
  <datafield tag="300" ind1=" " ind2=" ">
    <subfield code="a">1 v. (various pagings) :</subfield>
    <subfield code="b">ill. ;</subfield>
    <subfield code="c">23 cm.</subfield>
  </datafield>
  <datafield tag="500" ind1=" " ind2=" ">
    <subfield code="a">Rev. ed. of: Crafting and executing strategy / Arthur A. Thompson. 18th ed. 2010.</subfield>
  </datafield>
  <datafield tag="500" ind1=" " ind2=" ">
    <subfield code="a">Includes index.</subfield>
  </datafield>
  <datafield tag="526" ind1=" " ind2=" ">
    <subfield code="a">BBA.</subfield>
  </datafield>
  <datafield tag="650" ind1=" " ind2="0">
    <subfield code="a">Strategic planning.</subfield>
    <subfield code="9">36</subfield>
  </datafield>
  <datafield tag="650" ind1=" " ind2="0">
    <subfield code="a">Strategic planning</subfield>
    <subfield code="v">Case studies.</subfield>
    <subfield code="9">38</subfield>
  </datafield>
  <datafield tag="700" ind1="1" ind2=" ">
    <subfield code="a">Thompson, Arthur A.,</subfield>
    <subfield code="9">5</subfield>
  </datafield>
  <datafield tag="942" ind1=" " ind2=" ">
    <subfield code="2">ddc</subfield>
    <subfield code="c">BK</subfield>
  </datafield>
  <datafield tag="999" ind1=" " ind2=" ">
    <subfield code="c">54</subfield>
    <subfield code="d">54</subfield>
  </datafield>
  <datafield tag="952" ind1=" " ind2=" ">
    <subfield code="0">0</subfield>
    <subfield code="1">0</subfield>
    <subfield code="2">ddc</subfield>
    <subfield code="4">0</subfield>
    <subfield code="7">0</subfield>
    <subfield code="8">FIC</subfield>
    <subfield code="a">IBAL</subfield>
    <subfield code="b">IBAL</subfield>
    <subfield code="c">GEN</subfield>
    <subfield code="d">2012-07-11</subfield>
    <subfield code="e">Trim Education</subfield>
    <subfield code="o">658.4012 T371c</subfield>
    <subfield code="p">00050257</subfield>
    <subfield code="r">2021-03-18 00:00:00</subfield>
    <subfield code="t">C-4</subfield>
    <subfield code="w">2021-03-18</subfield>
    <subfield code="y">BK</subfield>
  </datafield>
  <datafield tag="952" ind1=" " ind2=" ">
    <subfield code="0">0</subfield>
    <subfield code="1">0</subfield>
    <subfield code="2">ddc</subfield>
    <subfield code="4">0</subfield>
    <subfield code="7">0</subfield>
    <subfield code="8">FIC</subfield>
    <subfield code="a">IBAL</subfield>
    <subfield code="b">IBAL</subfield>
    <subfield code="c">GEN</subfield>
    <subfield code="d">2012-07-11</subfield>
    <subfield code="e">Trim Education</subfield>
    <subfield code="o">658.4012 T371c</subfield>
    <subfield code="p">00050258</subfield>
    <subfield code="r">2021-03-18 00:00:00</subfield>
    <subfield code="t">C-5</subfield>
    <subfield code="w">2021-03-18</subfield>
    <subfield code="y">BK</subfield>
  </datafield>
  <datafield tag="952" ind1=" " ind2=" ">
    <subfield code="0">0</subfield>
    <subfield code="1">0</subfield>
    <subfield code="2">ddc</subfield>
    <subfield code="4">0</subfield>
    <subfield code="7">0</subfield>
    <subfield code="8">FIC</subfield>
    <subfield code="a">IBAL</subfield>
    <subfield code="b">IBAL</subfield>
    <subfield code="c">GEN</subfield>
    <subfield code="d">2012-07-11</subfield>
    <subfield code="e">Trim Education</subfield>
    <subfield code="o">658.4012 T371c</subfield>
    <subfield code="p">00050259</subfield>
    <subfield code="r">2021-03-18 00:00:00</subfield>
    <subfield code="t">C-6</subfield>
    <subfield code="w">2021-03-18</subfield>
    <subfield code="y">BK</subfield>
  </datafield>
  <datafield tag="952" ind1=" " ind2=" ">
    <subfield code="0">0</subfield>
    <subfield code="1">0</subfield>
    <subfield code="2">ddc</subfield>
    <subfield code="4">0</subfield>
    <subfield code="7">0</subfield>
    <subfield code="8">FIC</subfield>
    <subfield code="a">IBAL</subfield>
    <subfield code="b">IBAL</subfield>
    <subfield code="c">GEN</subfield>
    <subfield code="d">2012-07-11</subfield>
    <subfield code="e">Trim Education</subfield>
    <subfield code="o">658.4012 T371c</subfield>
    <subfield code="p">00050260</subfield>
    <subfield code="r">2021-03-18 00:00:00</subfield>
    <subfield code="t">C-7</subfield>
    <subfield code="w">2021-03-18</subfield>
    <subfield code="y">BK</subfield>
  </datafield>
  <datafield tag="952" ind1=" " ind2=" ">
    <subfield code="0">0</subfield>
    <subfield code="1">0</subfield>
    <subfield code="2">ddc</subfield>
    <subfield code="4">0</subfield>
    <subfield code="7">0</subfield>
    <subfield code="8">FIC</subfield>
    <subfield code="a">IBAL</subfield>
    <subfield code="b">IBAL</subfield>
    <subfield code="c">GEN</subfield>
    <subfield code="d">2012-07-11</subfield>
    <subfield code="e">Trim Education</subfield>
    <subfield code="o">658.4012 T371c</subfield>
    <subfield code="p">00050261</subfield>
    <subfield code="r">2021-03-18 00:00:00</subfield>
    <subfield code="t">C-8</subfield>
    <subfield code="w">2021-03-18</subfield>
    <subfield code="y">BK</subfield>
  </datafield>
  <datafield tag="952" ind1=" " ind2=" ">
    <subfield code="0">0</subfield>
    <subfield code="1">0</subfield>
    <subfield code="2">ddc</subfield>
    <subfield code="4">0</subfield>
    <subfield code="7">0</subfield>
    <subfield code="8">FIC</subfield>
    <subfield code="a">IBAL</subfield>
    <subfield code="b">IBAL</subfield>
    <subfield code="c">GEN</subfield>
    <subfield code="d">2012-07-11</subfield>
    <subfield code="e">Trim Education</subfield>
    <subfield code="o">658.4012 T371c</subfield>
    <subfield code="p">00050262</subfield>
    <subfield code="r">2021-03-18 00:00:00</subfield>
    <subfield code="t">C-9</subfield>
    <subfield code="w">2021-03-18</subfield>
    <subfield code="y">BK</subfield>
  </datafield>
  <datafield tag="952" ind1=" " ind2=" ">
    <subfield code="0">0</subfield>
    <subfield code="1">0</subfield>
    <subfield code="2">ddc</subfield>
    <subfield code="4">0</subfield>
    <subfield code="7">0</subfield>
    <subfield code="8">FIC</subfield>
    <subfield code="a">IBAL</subfield>
    <subfield code="b">IBAL</subfield>
    <subfield code="c">GEN</subfield>
    <subfield code="d">2012-07-11</subfield>
    <subfield code="e">Trim Education</subfield>
    <subfield code="o">658.4012 T371c</subfield>
    <subfield code="p">00050263</subfield>
    <subfield code="r">2021-03-18 00:00:00</subfield>
    <subfield code="t">C-10</subfield>
    <subfield code="w">2021-03-18</subfield>
    <subfield code="y">BK</subfield>
  </datafield>
  <datafield tag="952" ind1=" " ind2=" ">
    <subfield code="0">0</subfield>
    <subfield code="1">0</subfield>
    <subfield code="2">ddc</subfield>
    <subfield code="4">0</subfield>
    <subfield code="7">0</subfield>
    <subfield code="8">FIC</subfield>
    <subfield code="a">IBAL</subfield>
    <subfield code="b">IBAL</subfield>
    <subfield code="c">GEN</subfield>
    <subfield code="d">2012-07-11</subfield>
    <subfield code="e">Trim Education</subfield>
    <subfield code="o">658.4012 T371c</subfield>
    <subfield code="p">00050264</subfield>
    <subfield code="r">2021-03-18 00:00:00</subfield>
    <subfield code="t">C-11</subfield>
    <subfield code="w">2021-03-18</subfield>
    <subfield code="y">BK</subfield>
  </datafield>
  <datafield tag="952" ind1=" " ind2=" ">
    <subfield code="0">0</subfield>
    <subfield code="1">0</subfield>
    <subfield code="2">ddc</subfield>
    <subfield code="4">0</subfield>
    <subfield code="7">0</subfield>
    <subfield code="8">FIC</subfield>
    <subfield code="a">IBAL</subfield>
    <subfield code="b">IBAL</subfield>
    <subfield code="c">GEN</subfield>
    <subfield code="d">2012-07-11</subfield>
    <subfield code="e">Trim Education</subfield>
    <subfield code="o">658.4012 T371c</subfield>
    <subfield code="p">00050265</subfield>
    <subfield code="r">2021-03-18 00:00:00</subfield>
    <subfield code="t">C-12</subfield>
    <subfield code="w">2021-03-18</subfield>
    <subfield code="y">BK</subfield>
  </datafield>
  <datafield tag="952" ind1=" " ind2=" ">
    <subfield code="0">0</subfield>
    <subfield code="1">0</subfield>
    <subfield code="2">ddc</subfield>
    <subfield code="4">0</subfield>
    <subfield code="7">0</subfield>
    <subfield code="8">FIC</subfield>
    <subfield code="a">IBAL</subfield>
    <subfield code="b">IBAL</subfield>
    <subfield code="c">GEN</subfield>
    <subfield code="d">2012-07-11</subfield>
    <subfield code="e">Trim Education</subfield>
    <subfield code="o">658.4012 T371c</subfield>
    <subfield code="p">00050266</subfield>
    <subfield code="r">2021-03-18 00:00:00</subfield>
    <subfield code="t">C-13</subfield>
    <subfield code="w">2021-03-18</subfield>
    <subfield code="y">BK</subfield>
  </datafield>
  <datafield tag="952" ind1=" " ind2=" ">
    <subfield code="0">0</subfield>
    <subfield code="1">0</subfield>
    <subfield code="2">ddc</subfield>
    <subfield code="4">0</subfield>
    <subfield code="7">0</subfield>
    <subfield code="8">FIC</subfield>
    <subfield code="a">IBAL</subfield>
    <subfield code="b">IBAL</subfield>
    <subfield code="c">GEN</subfield>
    <subfield code="d">2012-07-11</subfield>
    <subfield code="e">Trim Education</subfield>
    <subfield code="o">658.4012 T371c</subfield>
    <subfield code="p">00050267</subfield>
    <subfield code="r">2021-03-18 00:00:00</subfield>
    <subfield code="t">C-14</subfield>
    <subfield code="w">2021-03-18</subfield>
    <subfield code="y">BK</subfield>
  </datafield>
  <datafield tag="952" ind1=" " ind2=" ">
    <subfield code="0">0</subfield>
    <subfield code="1">0</subfield>
    <subfield code="2">ddc</subfield>
    <subfield code="4">0</subfield>
    <subfield code="7">0</subfield>
    <subfield code="8">FIC</subfield>
    <subfield code="a">IBAL</subfield>
    <subfield code="b">IBAL</subfield>
    <subfield code="c">GEN</subfield>
    <subfield code="d">2012-07-11</subfield>
    <subfield code="e">Trim Education</subfield>
    <subfield code="o">658.4012 T371c</subfield>
    <subfield code="p">00050268</subfield>
    <subfield code="r">2021-03-18 00:00:00</subfield>
    <subfield code="t">C-15</subfield>
    <subfield code="w">2021-03-18</subfield>
    <subfield code="y">BK</subfield>
  </datafield>
  <datafield tag="952" ind1=" " ind2=" ">
    <subfield code="0">0</subfield>
    <subfield code="1">0</subfield>
    <subfield code="2">ddc</subfield>
    <subfield code="4">0</subfield>
    <subfield code="7">0</subfield>
    <subfield code="8">FIC</subfield>
    <subfield code="a">IBAL</subfield>
    <subfield code="b">IBAL</subfield>
    <subfield code="c">GEN</subfield>
    <subfield code="d">2012-11-07</subfield>
    <subfield code="e">Trim Education</subfield>
    <subfield code="l">0</subfield>
    <subfield code="o">658.412 T371c</subfield>
    <subfield code="p">00050254</subfield>
    <subfield code="r">2021-03-20 00:00:00</subfield>
    <subfield code="t">C-1</subfield>
    <subfield code="w">2021-03-20</subfield>
    <subfield code="y">BK</subfield>
  </datafield>
  <datafield tag="952" ind1=" " ind2=" ">
    <subfield code="0">0</subfield>
    <subfield code="1">0</subfield>
    <subfield code="2">ddc</subfield>
    <subfield code="4">0</subfield>
    <subfield code="7">0</subfield>
    <subfield code="8">FIC</subfield>
    <subfield code="a">IBAL</subfield>
    <subfield code="b">IBAL</subfield>
    <subfield code="c">GEN</subfield>
    <subfield code="d">2012-11-07</subfield>
    <subfield code="e">Trim Education</subfield>
    <subfield code="o">658.412 T371c</subfield>
    <subfield code="p">00050255</subfield>
    <subfield code="r">2021-03-20 00:00:00</subfield>
    <subfield code="t">C-2</subfield>
    <subfield code="w">2021-03-20</subfield>
    <subfield code="y">BK</subfield>
  </datafield>
  <datafield tag="952" ind1=" " ind2=" ">
    <subfield code="0">0</subfield>
    <subfield code="1">0</subfield>
    <subfield code="2">ddc</subfield>
    <subfield code="4">0</subfield>
    <subfield code="7">0</subfield>
    <subfield code="8">FIC</subfield>
    <subfield code="a">IBAL</subfield>
    <subfield code="b">IBAL</subfield>
    <subfield code="c">GEN</subfield>
    <subfield code="d">2012-11-07</subfield>
    <subfield code="e">Trim Education</subfield>
    <subfield code="o">658.412 T371c</subfield>
    <subfield code="p">00050256</subfield>
    <subfield code="r">2021-03-20 00:00:00</subfield>
    <subfield code="t">C-3</subfield>
    <subfield code="w">2021-03-20</subfield>
    <subfield code="y">BK</subfield>
  </datafield>
</record>
